Statistics for Europe Grid

Click here to take the quiz!

General Stats

  • This quiz has been taken 274 times
  • The average score is 19 of 27

Answer Stats

Answer% Correct
France
96%
Russia
96%
Spain
96%
Germany
95%
Norway
95%
Sweden
94%
Italy
92%
Gulf of Finland
91%
Ukraine
91%
Iceland
89%
Poland
85%
Atlantic Ocean
83%
North Sea
83%
Mediterranean Sea
75%
Baltic Sea
74%
Belarus
73%
Arctic Ocean
68%
Black Sea
65%
Serbia
64%
Greenland Sea
53%
Albania
45%
English Channel
43%
Kazakhstan
41%
Barents Sea
23%
Norwegian Sea
22%
White Sea
18%
Tyrrhenian Sea
9%

Score Distribution

Percentile by Number Answered

Percent of People with Each Score

Your Score History

You have not taken this quiz